| 000 | 00352nam a22001457a 4500 | ||
|---|---|---|---|
| 003 | SGT | ||
| 082 |
_a616.5 _bC23N |
||
| 100 | _aNIDHI | ||
| 245 | _aCLINICO-ULTRASONOGRAPHIC STUDY IN POST-ADOLESCENT AND ADULTY ACNE IN FEMALES | ||
| 260 |
_aGURUGRAM _bSGT UNIVERSITY _c2023 |
||
| 300 | _a59 | ||
| 650 | _aDERMATOLOGY | ||
| 653 | _aM.D | ||
| 942 |
_2ddc _cTH |
||
| 999 |
_c26599 _d26599 |
||